Giáo trình tổ chức thi công xây dựng

Giáo trình bao gồm các vấn đề tổ chức, bố trí phối hợp cụ thể giữa các công cụ lao động, con người lao động, đối tượng lao động và sự phối hợp giữa các lực lượng lao động với nhau trong quá trình thi công xây lắp công trình....

Πλήρης περιγραφή

Αποθηκεύτηκε σε:
Λεπτομέρειες βιβλιογραφικής εγγραφής
Κύριος συγγραφέας: Lê, Anh Dũng
Μορφή: Βιβλίο
Γλώσσα:Undetermined
Έκδοση: Hà Nội Xây dựng 2017
Θέματα:
Ετικέτες: Προσθήκη ετικέτας
Δεν υπάρχουν, Καταχωρήστε ετικέτα πρώτοι!
Thư viện lưu trữ: Trung tâm Học liệu Trường Đại học Cần Thơ
LEADER 00934nam a2200205Ia 4500
001 CTU_227235
008 210402s9999 xx 000 0 und d
020 |c 108000 
082 |a 692 
082 |b D513 
100 |a Lê, Anh Dũng 
245 0 |a Giáo trình tổ chức thi công xây dựng 
245 0 |c Lê Anh Dũng (Chủ biên) 
260 |a Hà Nội 
260 |b Xây dựng 
260 |c 2017 
520 |a Giáo trình bao gồm các vấn đề tổ chức, bố trí phối hợp cụ thể giữa các công cụ lao động, con người lao động, đối tượng lao động và sự phối hợp giữa các lực lượng lao động với nhau trong quá trình thi công xây lắp công trình. 
650 |a Building,Xây dựng 
904 |i Tuyến 
980 |a Trung tâm Học liệu Trường Đại học Cần Thơ